[Event "St Petersburg Korchnoi Memorial op"]
[Site "St Petersburg"]
[Date "2023.08.24"]
[Round "9"]
[White "Osetrov, Dmitrij"]
[Black "Kurchenko, Egor"]
[Result "1-0"]
[WhiteElo "1992"]
[BlackElo "2247"]
[PlyCount "82"]
[EventDate "2023.08.18"]
[EventType "swiss"]
[EventRounds "9"]
[EventCountry "RUS"]
[SourceTitle "EXT 2024"]
[Source "ChessBase"]
[SourceDate "2023.10.10"]
[SourceVersion "1"]
[SourceVersionDate "2023.10.10"]
[SourceQuality "1"]

1. d4 d5 2. c4 e6 3. Nf3 Nf6 4. g3 c6 5. Bg2 dxc4 6. Ne5 Bb4+ 7. Bd2 Be7 8. e3 b5 9. a4 b4 10. 0-0 0-0 11. Qc2 a5 12. Rd1 Ba6 13. Be1 Nd5 14. Nxc4 Nd7 15. Nbd2 Qc7 16. Rac1 Rfc8 17. e4 N5b6 18. e5 Nxc4 19. Nxc4 Bb7 20. f4 g6 21. Bf2 Rd8 22. b3 Rac8 23. h4 h5 24. Be4 Kg7 25. Ne3 Qb8 26. Qe2 Bf8 27. Qf3 f5 28. Bxc6 Bxc6 29. Rxc6 Qb7 30. d5 Nc5 31. Rxc8 Rxc8 32. Nc4 exd5 33. Qxd5 Qxd5 34. Rxd5 Nxb3 35. Nxa5 Nxa5 36. Rxa5 Rc1+ 37. Kg2 Rd1 38. Rb5 Ra1 39. Rb7+ Kh6 40. e6 b3 41. Bd4 Re1 1-0

[Event "St Petersburg Amir Cup Rapid"]
[Site "St Petersburg"]
[Date "2021.05.22"]
[Round "2"]
[White "Gareyev, Timur"]
[Black "Osetrov, Dmitrij"]
[Result "1-0"]
[WhiteElo "2606"]
[BlackElo "2026"]
[PlyCount "101"]
[EventDate "2021.05.22"]
[EventType "swiss (rapid)"]
[EventRounds "9"]
[EventCountry "RUS"]
[SourceTitle "CBM 202 Extra"]
[Source "ChessBase"]
[SourceDate "2021.07.31"]
[SourceVersion "1"]
[SourceVersionDate "2021.07.31"]
[SourceQuality "1"]

1. d4 Nf6 2. c4 g6 3. Nc3 Bg7 4. e4 d6 5. Be2 0-0 6. Bg5 h6 7. Be3 c5 8. e5 Nfd7 9. exd6 exd6 10. Nf3 Nc6 11. 0-0 cxd4 12. Nxd4 Nc5 13. Rc1 Nxd4 14. Bxd4 Bf5 15. Bxg7 Kxg7 16. b4 Na6 17. Nd5 Nc7 18. Qd4+ f6 19. Ne3 Be6 20. Rfd1 Kf7 21. Qf4 Kg7 22. Bf3 Qe7 23. Qxd6 Qxd6 24. Rxd6 Kf7 25. Bxb7 Rab8 26. Bd5 Ke7 27. Rc6 Rfc8 28. b5 Bd7 29. g3 Bxc6 30. Bxc6 Ne6 31. Nd5+ Kf7 32. Re1 Nd4 33. Nb4 Nxc6 34. Nxc6 Rb7 35. Rd1 Rbc7 36. Rd6 Re8 37. Rd2 Re1+ 38. Kg2 Rc1 39. Na5 Rc3 40. Rb2 Ra3 41. Nc6 Rc3 42. Rb4 Ke6 43. Ra4 Kd6 44. Nxa7 R3xc4 45. Ra6+ Ke7 46. a4 h5 47. a5 Kf7 48. b6 Rb7 49. Nb5 Rd7 50. Ra7 Ke6 51. Rxd7 1-0